| 000 | 00829nam a22002417a 4500 | ||
|---|---|---|---|
| 003 | OSt | ||
| 005 | 20230421122644.0 | ||
| 008 | 221006b |||||||| |||| 00| 0 eng d | ||
| 040 | _cBiblioteca Lado V | ||
| 082 |
_a701 _bZ39a |
||
| 100 |
_eeditor _9802 _aZaya, Antonio |
||
| 245 |
_aA-42/ _bRevista de Arte & Culturas/ |
||
| 260 |
_bAyuntamiento de Getafe _c2005 _aMadrid |
||
| 300 |
_c20x26cm _a225p. |
||
| 490 |
_a0 _v2005 |
||
| 650 |
_2Tesauro de Arte & Arquitectura _aARTE _9703 |
||
| 650 |
_2Tesauro de Arte & Arquitectura _aCULTURA |
||
| 650 |
_2Tesauro de Arte & Arquitectura _aAPRECIACION |
||
| 650 |
_2Tesauro de Arte & Arquitectura _aARTE CONTEMPORANEO |
||
| 650 |
_2Tesauro de Arte & Arquitectura _aCRITICA |
||
| 651 |
_2Tesauro de Arte & Arquitectura _aESPAÑA |
||
| 942 |
_2ddc _c1 _h701 _iZ39a _n0 |
||
| 999 |
_c3427 _d3427 |
||